Cuerpos prohibidos
Сохранить в:
| Главный автор: | |
|---|---|
| Формат: | Неизвестно |
| Язык: | Spanish |
| Опубликовано: |
Planeta,
1991
|
| Редактирование: | 1. edición |
| Предметы: | |
| Метки: |
Добавить метку
Нет меток, Требуется 1-ая метка записи!
|
MARC
| LEADER | 000000000a22000000004500 | ||
|---|---|---|---|
| 001 | 001032 | ||
| 008 | 170622s1991 ||||| |||| 00| f spa d | ||
| 020 | |a 9562470716 | ||
| 041 | 0 | |a español | |
| 082 | |a Ch863.44 P259c | ||
| 100 | 1 | |a Parra, Marco Antonio de la, |d 1952- | |
| 245 | 1 | 0 | |a Cuerpos prohibidos |
| 250 | |a 1. edición | ||
| 260 | |b Planeta, |c 1991 | ||
| 300 | |a 169 páginas | ||
| 500 | |a Número de inscripción 12818 (George Yúdice) | ||
| 650 | 1 | 4 | |a LITERATURA CHILENA |v NOVELA |
| 942 | |2 ddc |c BK | ||
| 999 | |c 2158 |d 2158 | ||
